| 000 | 00712nam a2200217 a 4500 | ||
|---|---|---|---|
| 005 | 20241109063732.0 | ||
| 008 | 150506s2012 mx r 000 0 spa d | ||
| 020 | _a9789871851027 | ||
| 035 | _aUPN01000203189 | ||
| 049 | _aCG | ||
| 050 | 4 |
_aHV1568 _bA8.3 |
|
| 245 | 0 | 0 |
_aAtención social de personas con discapacidad : _bhacia un enfoque de derechos humanos / _ccoord. Esther Raya Diez. |
| 260 |
_aBuenos Aires : _bLumen-Hvmanitas, _c2012. |
||
| 300 |
_a223 p. : _bgráfs., tablas |
||
| 650 | 0 |
_aPersonas con discapacidad _xCondiciones sociales _96562 |
|
| 650 | 4 |
_aDerechos humanos _95797 |
|
| 650 | 4 |
_aTrabajo social _96125 |
|
| 700 | 1 |
_aRaya Diez, Esther, _ecoord. |
|
| 905 | _aLibro | ||
| 999 |
_c175290 _d175290 |
||